[Event "Titled Tuesday intern op 2nd May"]
[Site "Chess.com INT"]
[Date "2017.05.02"]
[Round "10"]
[White "Chetty, Cailin"]
[Black "Indricans, Olgerts"]
[Result "0-1"]
[WhiteElo "1675"]
[BlackElo "1776"]
[PlyCount "56"]
[EventDate "2017.05.02"]
[EventType "swiss (blitz)"]
[EventRounds "10"]
[EventCountry "USA"]
[SourceTitle "EXT 2021"]
[Source "ChessBase"]
[SourceDate "2020.10.23"]
[SourceVersion "1"]
[SourceVersionDate "2020.10.23"]
[SourceQuality "1"]

1. e3 g6 2. b3 Bg7 3. d4 d6 4. Bb2 Nf6 5. c4 0-0 6. Nc3 e5 7. Bd3 exd4 8. exd4 Re8+ 9. Nge2 d5 10. c5 Ng4 11. 0-0 Nc6 12. h3 Nh6 13. Na4 Bf5 14. Bb5 Bd7 15. Nac3 Nf5 16. Nb1 Qe7 17. g4 Nfxd4 18. Nxd4 Nxd4 19. Bxd4 Bxb5 20. Nc3 Bxf1 21. Kxf1 c6 22. Bxg7 Kxg7 23. Qd2 Qxc5 24. h4 Re7 25. h5 Rae8 26. h6+ Kg8 27. Na4 Qd6 28. Qd4 Qe5 0-1

[Event "Titled Tuesday intern op 2nd May"]
[Site "Chess.com INT"]
[Date "2017.05.02"]
[Round "9"]
[White "Janaszak, Dawid"]
[Black "Chetty, Cailin"]
[Result "1-0"]
[WhiteElo "2381"]
[BlackElo "1675"]
[PlyCount "47"]
[EventDate "2017.05.02"]
[EventType "swiss (blitz)"]
[EventRounds "10"]
[EventCountry "USA"]
[SourceTitle "EXT 2021"]
[Source "ChessBase"]
[SourceDate "2020.10.23"]
[SourceVersion "1"]
[SourceVersionDate "2020.10.23"]
[SourceQuality "1"]

1. d4 c5 2. d5 g6 3. Nc3 Bg7 4. e4 d6 5. f4 e6 6. Nf3 exd5 7. Nxd5 Nf6 8. Bb5+ Nc6 9. 0-0 0-0 10. Re1 a6 11. Bf1 Be6 12. c3 Bxd5 13. exd5 Ne7 14. c4 b5 15. Rb1 bxc4 16. Bxc4 Qc7 17. b3 a5 18. a4 Nc8 19. Bd2 Nb6 20. Bc3 Nxc4 21. bxc4 Nd7 22. Bxg7 Kxg7 23. Qd2 Nb6 24. Qb2+ 1-0

[Event "RSA-ch U14"]
[Site "Bloemfontein"]
[Date "2016.03.26"]
[Round "11"]
[White "Chetty, Cailin"]
[Black "Modi, Yashil"]
[Result "1-0"]
[WhiteElo "1743"]
[BlackElo "1645"]
[PlyCount "58"]
[EventDate "2016.03.20"]
[EventType "swiss"]
[EventRounds "11"]
[EventCountry "RSA"]
[SourceTitle "CBM 171 Extra"]
[Source "ChessBase"]
[SourceDate "2016.04.26"]
[SourceVersion "1"]
[SourceVersionDate "2016.04.26"]
[SourceQuality "1"]

1. e4 c6 2. d4 d5 3. Nc3 dxe4 4. Nxe4 Bf5 5. Ng3 Bg6 6. h4 h6 7. Nf3 Nd7 8. h5 Bh7 9. Bd3 Bxd3 10. Qxd3 Ngf6 11. Bd2 Qc7 12. 0-0-0 e6 13. Nf1 0-0-0 14. Qe2 Bd6 15. Ne3 Rhe8 16. Nc4 Bf4 17. Nfe5 Bxd2+ 18. Rxd2 Re7 19. Rhd1 b5 20. Nxd7 Nxd7 21. Ne3 Nf6 22. Qf3 Red7 23. Ng4 Nxg4 24. Qxg4 f5 25. Rd3 Rd5 26. Re3 R8d6 27. f4 Rd7 28. c3 a5 29. Rde1 Rd8 1-0

[Event "RSA-ch U14"]
[Site "Bloemfontein"]
[Date "2016.03.24"]
[Round "9"]
[White "Chetty, Cailin"]
[Black "Varden, Trevelyn"]
[Result "1-0"]
[WhiteElo "1743"]
[BlackElo "1519"]
[PlyCount "61"]
[EventDate "2016.03.20"]
[EventType "swiss"]
[EventRounds "11"]
[EventCountry "RSA"]
[SourceTitle "CBM 171 Extra"]
[Source "ChessBase"]
[SourceDate "2016.04.26"]
[SourceVersion "1"]
[SourceVersionDate "2016.04.26"]
[SourceQuality "1"]

1. e4 c5 2. Nf3 g6 3. d4 cxd4 4. Nxd4 Nc6 5. Nc3 Bg7 6. Be3 Nf6 7. Bc4 Qa5 8. 0-0 0-0 9. Bb3 d6 10. h3 Bd7 11. Re1 Nxd4 12. Bxd4 Bc6 13. Qd3 Nh5 14. Bxg7 Kxg7 15. Nd5 Rfe8 16. Rad1 Rac8 17. Qe3 Qc5 18. Qf3 e6 19. g4 Bxd5 20. exd5 Nf6 21. dxe6 fxe6 22. Rxe6 Rxe6 23. Bxe6 Rc7 24. Qd3 Qxc2 25. Qxd6 Qc5 26. Qxc5 Rxc5 27. Bb3 Re5 28. Rd8 b6 29. Ra8 Re7 30. Kg2 Rc7 31. g5 1-0

[Event "RSA-ch U14"]
[Site "Bloemfontein"]
[Date "2016.03.21"]
[Round "2"]
[White "Chetty, Cailin"]
[Black "Nhamuave, Eleazar"]
[Result "1/2-1/2"]
[WhiteElo "1743"]
[BlackElo "1413"]
[PlyCount "57"]
[EventDate "2016.03.20"]
[EventType "swiss"]
[EventRounds "11"]
[EventCountry "RSA"]
[SourceTitle "CBM 171 Extra"]
[Source "ChessBase"]
[SourceDate "2016.04.26"]
[SourceVersion "1"]
[SourceVersionDate "2016.04.26"]
[SourceQuality "1"]

1. e4 c6 2. d4 d5 3. Nc3 e6 4. Nf3 Bb4 5. e5 Bxc3+ 6. bxc3 Ne7 7. Bd3 b6 8. Ba3 Ba6 9. h4 h6 10. h5 Bxd3 11. Qxd3 Nd7 12. Nh4 c5 13. Qg3 Rg8 14. 0-0 g6 15. f4 gxh5 16. Qh3 Qc7 17. f5 Nf8 18. fxe6 Nxe6 19. Rf6 Ng5 20. Qe3 Ne4 21. Raf1 0-0-0 22. Rxf7 Ng5 23. R7f6 Ne4 24. Rf7 Ng5 25. R7f6 Ne4 26. Qxh6 Nxf6 27. exf6 Nc6 28. f7 Rgf8 29. Qg7 1/2-1/2

[Event "South African op"]
[Site "Cape Town"]
[Date "2015.07.05"]
[Round "4"]
[White "Solomon, Kenny"]
[Black "Chetty, Cailin"]
[Result "1-0"]
[WhiteElo "2382"]
[BlackElo "1576"]
[PlyCount "107"]
[EventDate "2015.07.03"]
[EventType "swiss"]
[EventRounds "11"]
[EventCountry "RSA"]
[SourceTitle "CBM 167 Extra"]
[Source "ChessBase"]
[SourceDate "2015.09.14"]
[SourceVersion "1"]
[SourceVersionDate "2015.09.14"]
[SourceQuality "1"]

1. d4 Nf6 2. Nf3 g6 3. c4 Bg7 4. Nc3 0-0 5. e4 d6 6. h3 e5 7. d5 Ne8 8. g4 f5 9. gxf5 gxf5 10. Bg5 Bf6 11. Rg1 Kh8 12. exf5 Bxf5 13. Qd2 Nd7 14. Nh4 Ng7 15. 0-0-0 Nc5 16. Qe3 Bxg5 17. Rxg5 Qf6 18. Qg3 Qh6 19. Be2 Nge6 20. dxe6 Nxe6 21. Rg1 Nxg5 22. Qxg5 Qxg5+ 23. Rxg5 Be6 24. Bd3 Rxf2 25. Rh5 Bg8 26. Ne4 Rh2 27. Nf6 Kg7 28. Nxg8 Rxg8 29. Rxh7+ Kf8 30. Ng6+ Ke8 31. Rxc7 Rxh3 32. Be4 Re3 33. Rc8+ Kf7 34. Bd5+ Kxg6 35. Rxg8+ Kf5 36. Kd2 Rh3 37. Rf8+ Kg5 38. Bxb7 Rh2+ 39. Kc3 Rh3+ 40. Kb4 Rh2 41. Kc3 Rh3+ 42. Rf3 Rh4 43. b4 Rh2 44. a4 Ra2 45. Kb3 Ra1 46. b5 Rb1+ 47. Kc3 Rc1+ 48. Kb4 Rb1+ 49. Rb3 Rf1 50. a5 Rf7 51. a6 Rf8 52. Rg3+ Kh6 53. b6 axb6 54. a7 1-0

[Event "Africa-ch U12"]
[Site "Monastir"]
[Date "2014.12.22"]
[Round "2.2"]
[White "Adrar, Sofiane"]
[Black "Chetty, Cailin"]
[Result "1-0"]
[WhiteElo "1522"]
[BlackElo "1598"]
[PlyCount "62"]
[EventDate "2014.12.21"]
[EventType "swiss"]
[EventRounds "9"]
[EventCountry "TUN"]
[SourceTitle "EXT 2024"]
[Source "ChessBase"]
[SourceDate "2023.10.10"]
[SourceVersion "1"]
[SourceVersionDate "2023.10.10"]
[SourceQuality "1"]

1. e4 c5 2. Nf3 Nc6 3. d4 cxd4 4. Nxd4 Nf6 5. Nc3 e5 6. Ndb5 d6 7. a4 a6 8. Na3 Be6 9. Bc4 Be7 10. f3 0-0 11. Be3 Ne8 12. 0-0 Nc7 13. Bb6 Qd7 14. Qd2 Bxc4 15. Nxc4 Ne6 16. Nd5 Bg5 17. Qd1 Rab8 18. Nxd6 Kh8 19. Nc4 f6 20. c3 Ne7 21. Nxe7 Qxe7 22. Qc2 Rbc8 23. h3 Nc5 24. Rfd1 Rc6 25. Rd5 Nd7 26. Bf2 h5 27. Rad1 Nb8 28. Nb6 Qc7 29. Nc4 Kh7 30. a5 Qf7 31. Nd6 Qe6 1-0